000
00219nam a22000857a 4500
008
170603b xxu||||| |||| 00| 0 eng d
100
_9
3253
_a
Fusion Books
245
_a
Delightful jokes
260
_a
New Delhi
_b
Fusion Book
_c
2003
999
_c
6567
_d
6567